Mort subite - Musique : Les collaborations de David Guetta - Statistiques

Statistiques générales
  • Ce quiz a été pris 537 fois
    214 depuis la dernière actualisation
  • Le résultat moyen est 6 sur 20
Answers on the Grid
Answers color-coded by a green-red scale on the quiz's grid according to % correct below.
IVE
Nicki Minaj
One Direction
Jason Derulo
Sia
Dr Dre
Zara Larsson
Madonna
Cardi B
USHER
Jessie J
Imagine Dragons
will.i.am
Kelly Rowland
Mariah Carey
Camila Cabello
Rihanna
Snoop Dogg
David Bowie
John Legend
Kid Cudi
Aya Nakamura
Indila
Anne-Marie
Sabrina Carpenter
One Republic
LE SSERAFIM
Taylor Swift
Ava Max
Billie Eilish
Tyla
Bebe Rexha
Eminem
Drake
Pierre Garnier
Justin Timberlake
 
Statistiques - réponses
Réponse % Correct
Turn Me On, Hey Mama, ... Nicki Minaj
79%
She Wolf, Titanium, Flames, ... Sia
74%
On My Love, ... Zara Larsson
60%
Say My Name, I'm Good (Blue), ... Bebe Rexha
52%
Who's That Chick, ... Rihanna
39%
Forever Young, Let It Be Me Ava Max
36%
Without You USHER
36%
Memories Kid Cudi
34%
I Wanna Go Crazy, ... will.i.am
31%
Down, Goodbye Jason Derulo
30%
When Love Takes Over, ... Kelly Rowland
23%
Baby Don't Hurt Me, Cry Baby, ... Anne-Marie
18%
Sweat, ... Snoop Dogg
14%
Supernova Love IVE
11%
I Don't Wanna Wait One Republic
11%
Revolver Madonna
10%
Repeat Jessie J
8%
Listen, ... John Legend
7%
CRAZY LE SSERAFIM
3%
Just For One Day David Bowie
1%
Aucun quiz correspondant
Distribution des résultats
% des personnes avec chaque résultat
Percentile par nombre de réponses
Votre historique - résultats
Vous n’avez pas pris ce quiz depuis la dernière actualisation